000
00325nam a22001457a 4500
008
230502b ||||| |||| 00| 0 eng d
020
_a
9780815300922
041
_a
eng
080
_a
030
082
_a
030FRU
100
_a
44
101
_a
ENCIKLO
245
_a
ENCYCLOPEDIA OF EASTERN EUROPE
_c
FRUCHT.R
942
_2
udc
_c
BK
999
_c
59644
_d
59644